Statistics for The Capital of What Country, State, Province, Region, or Territory?

Click here to take the quiz!

General Stats

  • This quiz has been taken 127 times
  • The average score is 18 of 26

Answer Stats

HintAnswer% Correct
FranceParis
100%
RussiaMoscow
100%
AustraliaCanberra
95%
IranTehran
95%
TaiwanTaipei
95%
CataloniaBarcelona
93%
HawaiiHonolulu
93%
OntarioToronto
88%
FloridaTallahassee
86%
BavariaMunich
86%
Trinidad and TobagoPort-of-Spain
84%
SicilyPalermo
84%
TuscanyFlorence
82%
NauruYaren
77%
HokkaidoSapporo
64%
LazioRome
63%
SardiniaCagliari
55%
Falkland IslandsStanley
54%
Isle of ManDouglas
48%
American SamoaPago Pago
45%
Faroe IslandsTórshavn
43%
SvalbardLongyearbyen
38%
Cayman IslandsGeorgetown
32%
MontserratPlymouth
32%
Baja CaliforniaMexicali
30%
North HollandHaarlem
23%

Score Distribution

Percentile by Number Answered

Percent of People with Each Score

Your Score History

You have not taken this quiz